Biology of seagrasses: a treatise on the biology of seagrasses with special reference to the Australian region (Registro nro. 10598)

Detalles MARC
000 -CABECERA
Campo de control 005850000a22001810004500
090 ## - CLASIFICACIÓN LOCAL
Colección AR
Consecutivo 01515
041 0# - IDIOMA
Código de idioma para texto/pista de sonido o título separado
100 1# - ASIENTO PRINCIPAL--NOMBRE PERSONAL
Nombre personal Larkum D., A. W.
245 10 - MENCION DE TITULO
Título Biology of seagrasses: a treatise on the biology of seagrasses with special reference to the Australian region
650 14 - ASIENTO SECUNDARIO DE MATERIA - TERMINO TEMATICO
Término temático o nombre geográfico como elemento de entrada Polinización
650 14 - ASIENTO SECUNDARIO DE MATERIA - TERMINO TEMATICO
Término temático o nombre geográfico como elemento de entrada Reproducción vegetal
650 14 - ASIENTO SECUNDARIO DE MATERIA - TERMINO TEMATICO
Término temático o nombre geográfico como elemento de entrada Fenología
651 #4 - ASIENTO SECUNDARIO DE MATERIA - NOMBRE GEOGRAFICO
-- Australia
700 1# - ASIENTO SECUNDARIO - NOMBRE PERSONAL
Nombre personal Mccomb, A. J.
700 1# - ASIENTO SECUNDARIO - NOMBRE PERSONAL
Nombre personal Shepherd, S. A.
773 1# - Item fuente:
Título Elsevier Science Publishers
Especificación de materiales 133
Paginas del Articulo 74-111
Lugar, editorial y fecha de publicación 1989
942 ## - ELEMENTOS ADICIONALES (KOHA)
Tipo de ítem Artículo
Existencias
Withdrawn status Lost status Damaged status No para préstamo Colección Ubicación Permanente Ubicación actual Fecha de adquisición Fuente de Valor Datos de publicación Seriada Total Checkouts Número topográfico Inventario / Código de Barras Date last seen Ejemplar Price effective from Forma de adquisición Tipo de material
      No para Préstamo Hemeroteca Bogotá Bogotá 27/02/2015 Muñoz Saba, Yaneth Fuera de circulación   AR 01515 011878 25/03/2015 1 25/03/2015   Artículo